| 000 | 01098cam a2200349 a 4500 | ||
|---|---|---|---|
| 001 | 12307408 | ||
| 005 | 20170105102938.0 | ||
| 008 | 010212s2000 enk b 001 0 eng d | ||
| 010 | _a 00134022 | ||
| 015 | _aGBA0-X5354 | ||
| 020 | _a184014095X (hb) | ||
| 020 | _a1840140984 (pb) | ||
| 035 | _a(OCoLC)ocm44397990 | ||
| 040 |
_aUKM _cUKM _dIXA _dDLC |
||
| 042 | _alccopycat | ||
| 050 | 0 | 0 |
_aJZ5538 _b.J46 2000 |
| 082 |
_a327.172 _bJEO 2000 |
||
| 100 | 1 | _aJeong, Ho-Won. | |
| 245 | 1 | 0 |
_aPeace and conflict studies : _ban introduction / _cHo-Won Jeong. |
| 260 |
_aAldershot ; _aBurlington USA : _bAshgate, _cc2000. |
||
| 300 |
_axvi, 407 p. ; _c22 cm. |
||
| 440 | 0 | _aStudies in peace and conflict research | |
| 504 | _aIncludes bibliographical references (p. 379-400) and index. | ||
| 650 | 0 | _aPeace. | |
| 650 | 0 |
_aPeace _xPhilosophy. |
|
| 650 | 0 | _aConflict management. | |
| 650 | 0 | _aSecurity, International. | |
| 650 | 0 | _aInternational cooperation. | |
| 906 |
_a7 _bcbc _ccopycat _d2 _encip _f20 _gy-gencatlg |
||
| 942 |
_2ddc _cBK |
||
| 999 |
_c16381 _d16381 |
||